[Event "XLII San Sebastian Open 2019"]
[Site "San Sebastian"]
[Date "2019.04.14"]
[Round "2.8"]
[White "Morera Rodriguez, Ignacio"]
[Black "Alcazar Jimenez, Victor"]
[Result "0-1"]
[WhiteElo "2010"]
[BlackElo "2363"]
[Annotator "TA"]
[PlyCount "79"]
[EventDate "2019.04.13"]
[EventType "swiss"]
[EventCountry "ESP"]
[SourceTitle "playchess.com"]
[Source "ChessBase"]
[SourceQuality "1"]

{[%evp 9,79,6,16,13,39,15,19,16,59,44,61,56,66,33,50,42,50,43,52,18,43,30,33,39,39,30,40,27,41,0,0,0,0,-74,-77,-70,-64,-72,-65,-159,-147,-145,-141,-152,-154,-167,-161,-146,-154,-160,-91,-153,-98,-290,-300,-314,-311,-303,-310,-772,-764,-750,-752,-739,-715,-699,-299,-264,-264,-29979,-29980,-29993]} 1. d4 e6 2. c4 Nf6 3. Nf3 b6 4. g3 Ba6 5. b3 Bb7 6. Bg2 {E15: Queen's Indian: 4 g3 sidelines, 4 g3 Ba6 and 4 g3 Bb7 early deviations} c5 (6... Bb4+ 7. Bd2 c5 8. O-O O-O 9. Bc3 Bxc3 10. Nxc3 cxd4 11. Qxd4 Qe7 12. Rfd1 Rd8 13. e4 Nc6 14. Qd6 Ne8 15. Qxe7 Nxe7 16. Rd2 d6 17. Rad1 {0-1 (69) Fridman,D (2631)-Romanov,E (2608) Tallinn 2019}) 7. dxc5 Bxc5 {And now ...Ng4 would win.} 8. O-O {The position is equal.} Be7 $146 ({Predecessor:} 8... O-O 9. Bb2 d5 10. cxd5 Nxd5 11. Nbd2 Nc6 12. a3 a5 13. Qb1 Ba6 14. Re1 Rc8 15. Qa2 b5 16. Rac1 Qe7 17. Qa1 f6 18. e4 Nb6 19. Bf1 Nd7 {1-0 (44) Abramovic,B (2509)-Arnold,M (2237) Philadelphia 2007}) 9. Bb2 d6 10. Nc3 a6 11. Qc2 Qc7 12. Rac1 Nbd7 {[%cal Bb8d7,Bd7c5,Bc5d3][%mdl 32]} 13. e4 Rc8 14. Qb1 Qb8 15. Rfe1 Qa8 16. Nd4 O-O 17. Re2 Nc5 18. Rce1 Rfd8 19. h3 Bf8 20. Kh2 g6 21. Nc2 (21. h4 $11) 21... Nd3 $17 22. Na4 Nd7 $1 ({And not} 22... Nxe1 23. Nxb6 (23. Qxe1 $2 Nd7 $19) 23... Qb8 24. Qxe1 $16 (24. Rxe1 Rc6 $14)) 23. Rd1 Nxb2 24. Qxb2 (24. Nxb2 $15 Nf6 25. f3) 24... b5 25. cxb5 axb5 {[%cal Ba6b5,Bb5b4][%mdl 32]} 26. Nc3 Bg7 27. Nd4 b4 28. Na4 Qa5 29. Qb1 Ba6 (29... Nb6 $142 30. Nb2 Rd7) 30. Red2 (30. Rc2 $142 Bb7 31. Rxc8 Rxc8 32. Nc2) 30... Bh6 $36 {[%mdl 2048] Black has strong initiative.} (30... Nb6 $142 31. Nxb6 Qxb6) 31. f4 $2 {[#]} (31. Rc2 $17 Bb7 32. Nb2) 31... e5 $19 32. Nf3 exf4 33. g4 Ne5 34. Rxd6 $2 (34. Rc2 Nxf3+ 35. Bxf3) 34... Rxd6 35. Rxd6 Be2 36. Rd5 Nxf3+ 37. Bxf3 Qa6 (37... Qa7 $142 {( -> ...Qf2+)} 38. Qg1 Qxg1+ 39. Kxg1 Bxf3) 38. Kg2 Bf8 39. Kf2 $2 {[#]} (39. Rd2 $19 Bxf3+ 40. Kxf3) 39... Qa7+ 40. Kg2 {Accuracy: White = 36%, Black = 64%.} 0-1

[Event "XLII San Sebastian Open 2019"]
[Site "San Sebastian"]
[Date "2019.04.14"]
[Round "2.9"]
[White "Alonso Arburu, Juan Ignacio"]
[Black "Arana Garate, Jon"]
[Result "1-0"]
[WhiteElo "2341"]
[BlackElo "1944"]
[Annotator "TA"]
[PlyCount "81"]
[EventDate "2019.04.13"]
[EventType "swiss"]
[EventCountry "ESP"]
[SourceTitle "playchess.com"]
[Source "ChessBase"]
[SourceQuality "1"]

{[%evp 13,81,37,72,56,64,49,53,29,27,27,38,40,43,29,29,26,31,17,18,0,31,18,22,15,46,49,49,49,49,49,55,55,70,70,70,70,79,80,80,64,88,74,87,87,87,87,108,108,108,108,108,108,121,108,108,108,108,108,108,108,108,108,108,108,125,106,225,206,777,755]} 1. e4 c6 2. d4 d5 3. exd5 cxd5 4. Bd3 Nc6 5. c3 Nf6 6. Bf4 Bg4 7. Qb3 Qb6 8. Qxb6 {B13: Caro-Kann: Exchange Variation and Panov-Botvinnik Attack} axb6 9. h3 Bh5 10. Nd2 {White is slightly better.} e6 11. Ngf3 Bg6 12. Bb5 Nd7 13. Nh4 Bc2 14. O-O h6 $146 {[#] Hoping for ...g5.} 15. Bg3 Be7 16. f4 Bd6 17. Nhf3 O-O 18. Ne5 Ndxe5 19. fxe5 Be7 20. a3 Na5 21. Rac1 Bg6 22. Bf4 Rfc8 23. Be2 Rc7 24. Rf2 Nc4 25. Nxc4 dxc4 26. Bf3 Ra5 27. Kh2 Rd7 28. Re1 Bf5 29. g4 Bh4 30. Bg3 Bxg3+ 31. Kxg3 Bd3 32. h4 Kh7 33. h5 Re7 34. Bh1 Kg8 35. Kh4 Ra8 36. Rg1 Rf8 37. g5 {Strongly threatening gxh6.} hxg5+ 38. Rxg5 Bf5 39. Rf4 g6 (39... Rd7 $16 {was called for.}) 40. d5 $18 {[%mdl 64] [#] Overworked Piece} exd5 $2 (40... Rd7 41. dxe6 fxe6) 41. Rfxf5 {Accuracy: White = 70%, Black = 41%.} 1-0

[Event "XLII San Sebastian Open 2019"]
[Site "San Sebastian"]
[Date "2019.04.14"]
[Round "2.10"]
[White "Lopez Mijail, Nicolas"]
[Black "Prieto Aranguren, Alain"]
[Result "0-1"]
[WhiteElo "1980"]
[BlackElo "2257"]
[Annotator "RC"]
[PlyCount "82"]
[EventDate "2019.04.13"]
[EventType "swiss"]
[EventCountry "ESP"]
[SourceTitle "playchess.com"]
[Source "ChessBase"]
[SourceQuality "1"]
[TimeControl "5400+30"]

1. e4 {[%emt 0:07:08]} c6 {[%emt 0:00:00]} 2. d4 {[%emt 0:00:06]} d5 {[%emt 0:00:00]} 3. Nd2 {[%emt 0:00:05]} dxe4 {[%emt 0:00:19]} 4. Nxe4 {[%emt 0:00:06]} Bf5 {[%emt 0:00:19]} 5. Ng3 {[%emt 0:00:07]} Bg6 {[%emt 0:00:04]} 6. h4 {[%emt 0:00:07]} h6 {[%emt 0:00:03]} 7. Nf3 {[%emt 0:00:05]} Nd7 {[%emt 0:00:04]} 8. h5 {[%emt 0:00:06]} Bh7 {[%emt 0:00:03]} 9. Bd3 {[%emt 0:00:06]} Bxd3 {[%emt 0:00:05]} 10. Qxd3 {[%emt 0:00:06]} Ngf6 {[%emt 0:00:16]} 11. Bd2 {[%emt 0:00:07]} e6 {[%emt 0:00:04]} 12. O-O-O {[%emt 0:00:06]} Be7 {[%emt 0:00:05]} 13. Kb1 {[%emt 0:01:03]} Qb6 {[%emt 0:01:18]} 14. c4 {[%emt 0:02:40]} Rd8 {[%emt 0:00:04]} 15. Ne4 {[%emt 0:11:48]} O-O {[%emt 0:03:08]} 16. Rhg1 {[%emt 0:15:19]} c5 {[%emt 0:01:36]} 17. d5 {[%emt 0:03:42]} Nxe4 {[%emt 0:01:46]} 18. Qxe4 {[%emt 0:00:08]} Nf6 {[%emt 0:01:03]} 19. Qe1 {[%emt 0:02:26]} Qd6 {[%emt 0:11:42]} 20. dxe6 {[%emt 0:09:21]} Nxh5 {[%emt 0:16:32]} 21. exf7+ {[%emt 0:13:15]} Rxf7 {[%emt 0:01:35]} 22. Be3 {[%emt 0:02:18]} Qc7 {[%emt 0:08:04]} 23. Rxd8+ {[%emt 0:02:49]} Bxd8 {[%emt 0:00:54]} 24. Qe2 {[%emt 0:06:46]} Nf4 {[%emt 0:10:27]} 25. Qd2 {[%emt 0:04:09]} Be7 {[%emt 0:01:40]} 26. g3 {[%emt 0:04:56]} Nh3 {[%emt 0:10:10]} 27. Rh1 {[%emt 0:00:06]} Qc6 {[%emt 0:03:32]} 28. Rxh3 {[%emt 0:03:19]} Qxf3 {[%emt 0:00:25]} 29. Qc2 {[%emt 0:04:45]} b6 {[%emt 0:05:30]} 30. a3 {[%emt 0:00:36]} Bf6 {[%emt 0:00:20]} 31. Qg6 {[%emt 0:01:53]} Qe2 {[%emt 0:01:38]} 32. Bc1 {[%emt 0:00:34]} Bxb2 {[%emt 0:05:52]} 33. Rxh6 {[%emt 0:01:18]} Bxc1 {[%emt 0:00:09]} 34. Qh7+ {[%emt 0:02:50]} Kf8 {[%emt 0:00:04]} 35. Qh8+ {[%emt 0:00:17]} Ke7 {[%emt 0:00:03]} 36. Re6+ {[%emt 0:00:33]} Qxe6 {[%emt 0:00:27]} 37. Qh4+ {[%emt 0:00:10]} Kd7 {[%emt 0:01:03]} 38. Qd4+ {[%emt 0:00:48]} cxd4 {[%emt 0:00:08]} 39. c5 {[%emt 0:00:04]} Rxf2 {[%emt 0:01:07]} 40. c6+ {[%emt 0:00:08]} Kxc6 {[%emt 0:00:22]} 41. g4 {[%emt 0:00:12]} Qe1 {[%emt 0:00:53]} 0-1

[Event "XLII San Sebastian Open 2019"]
[Site "San Sebastian"]
[Date "2019.04.14"]
[Round "2.11"]
[White "Randazzo, Adrian"]
[Black "Jordana Vargas, Julio"]
[Result "1-0"]
[WhiteElo "2248"]
[BlackElo "1923"]
[Annotator "TA"]
[PlyCount "23"]
[EventDate "2019.04.13"]
[EventType "swiss"]
[EventCountry "ESP"]
[SourceTitle "playchess.com"]
[Source "ChessBase"]
[SourceQuality "1"]

{[%evp 14,23,23,8,113,114,371,356,612,614,888,920]} 1. Nf3 c5 2. e3 Nf6 3. c4 Nc6 4. Nc3 g6 5. d4 cxd4 6. exd4 d5 7. cxd5 Nxd5 8. Bc4 Be6 {A35: Symmetrical English: 2 Nc3 Nc6 3 Nf3} (8... Nb6 $11 9. Bb3 Bg7) (8... Nb6 9. Bb3 Bg7 10. O-O O-O 11. d5 Na5 12. h3 Re8 13. Re1 Bf5 14. g4 Bd7 15. Bg5 Nxb3 16. axb3 h6 17. Bh4 g5 18. Bg3 e6 19. d6 Bc6 {½-½ (36) Navara,D (2740)-Wei,Y (2743) Yancheng 2018}) 9. Qb3 $1 $16 {[%csl LRb7,LRd5][%cal Rc4d5]} Nb6 $146 {[%mdl 8192] [#]} (9... Nxc3 $16 10. Bxe6 (10. bxc3 Bxc4 11. Qxc4 Bg7 $14) 10... fxe6) ({Predecessor:} 9... Nxc3 10. Bxe6 fxe6 11. bxc3 Qd7 12. O-O Na5 13. Qb4 Nc6 14. Qb5 a6 15. Qe2 Bg7 16. Ng5 {1-0 (32) Alieva,A (2115)-Lysokon,P (1488) Samara 2016}) 10. d5 $1 $18 Na5 $2 (10... Nxc4 11. Qxc4 (11. dxe6 Nd6 $18) 11... Bxd5 12. Nxd5 Bg7) 11. dxe6 fxe6 12. Bb5+ 1-0

[Event "XLII San Sebastian Open 2019"]
[Site "San Sebastian"]
[Date "2019.04.14"]
[Round "2.12"]
[White "Uriarte Prieto, Goio"]
[Black "Perez Gonzalez, Jose Manuel"]
[Result "1/2-1/2"]
[WhiteElo "1925"]
[BlackElo "2231"]
[Annotator "TA"]
[PlyCount "37"]
[EventDate "2019.04.13"]
[EventType "swiss"]
[EventCountry "ESP"]
[SourceTitle "playchess.com"]
[Source "ChessBase"]
[SourceQuality "1"]

{[%evp 17,37,40,48,31,23,22,37,-7,0,0,0,0,63,58,59,49,45,59,64,0,0,-12]} 1. d4 Nf6 2. c4 g6 3. g3 Bg7 4. Bg2 O-O 5. Nc3 d6 6. Nf3 Nc6 7. O-O a6 8. e4 Bg4 9. Be3 Nd7 10. h3 {E63: King's Indian: Fianchetto: Panno Variation with 7...a6} (10. Qd2 Bxf3 11. Bxf3 e5 12. d5 Nd4 13. Bg2 c5 14. dxc6 bxc6 15. f4 Rb8 16. Rf2 Nf6 17. h3 Nh5 18. Kh2 exf4 19. gxf4 {½-½ (43) Mamedyarov,S (2799)-Amin,B (2689) Riadh 2017}) 10... Bxf3 $1 11. Bxf3 e5 12. dxe5 {White is slightly better.} (12. d5 $5 {[%cal Rd5c6]} Nd4 13. Bg2 $11) 12... dxe5 13. Bg2 Nd4 14. f4 {[#]} c5 $146 ({Black should try} 14... c6 $11) ({Predecessor:} 14... c6 15. f5 b5 16. cxb5 axb5 17. Qd2 Nc5 {1-0 (29) Sorokin,A (2469)-Triapishko,A (2506) Sochi 2017}) 15. Nd5 Nb6 16. Rc1 Nxd5 17. cxd5 Rc8 18. Rf2 (18. f5 $14) 18... f5 $11 19. Bxd4 1/2-1/2

[Event "XLII San Sebastian Open 2019"]
[Site "San Sebastian"]
[Date "2019.04.14"]
[Round "3.1"]
[White "Alcazar Jimenez, Victor"]
[Black "Vazquez Igarza, Renier"]
[Result "0-1"]
[WhiteElo "2363"]
[BlackElo "2548"]
[Annotator "TA"]
[PlyCount "76"]
[EventDate "2019.04.13"]
[EventType "swiss"]
[EventCountry "ESP"]
[SourceTitle "playchess.com"]
[Source "ChessBase"]
[SourceQuality "1"]

{[%evp 21,76,8,7,0,42,37,71,69,78,88,82,80,85,80,81,36,30,31,33,15,35,33,31,13,12,-10,-14,-12,-13,-63,-65,-44,-43,-76,-52,-136,-128,-120,-130,-139,-137,-289,-266,-373,-365,-691,-672,-654,-647,-645,-610,-650,-649,-642,-622,-517,-467]} 1. c4 Nf6 2. Nc3 e5 3. g3 d5 4. cxd5 Nxd5 5. Bg2 Nb6 6. Nf3 Nc6 7. O-O Be7 8. d3 Be6 9. Be3 O-O 10. a3 f5 11. Rc1 {A29: English Opening: Four Knights Variation with 4 g3} Bf6 {LiveBook: 21 Games} (11... Kh8 12. b4 a6 13. Re1 Rb8 14. Bxb6 cxb6 15. e3 Bf6 16. d4 exd4 17. exd4 Bg8 18. Ne2 Qd6 19. Qd3 g6 {½-½ (35) Ding,L (2816)-Giri,A (2780) Shenzhen 2018}) 12. Na4 e4 13. Ne1 {White is slightly better.} Nxa4 14. Qxa4 Nd4 $146 {[#]} ({Predecessor:} 14... Bxb2 15. Rb1 Bd4 16. Rxb7 Bd5 17. dxe4 fxe4 18. Nc2 Bb6 {0-1 (33) Pit Rada,M (2094)-Talu,M (2159) Gilau 2018}) 15. Bxd4 $1 Qxd4 16. Qxd4 Bxd4 17. Rxc7 Bd5 18. b4 Rad8 19. dxe4 fxe4 20. Rc1 Bc6 21. Nc2 Bb6 22. Ne3 Rd2 23. Nc4 (23. Rfe1 {is more complex.} a6 24. Bh3 Rf6 25. Bg4 Kf7 26. Red1) 23... Rxe2 {[%cal Rb6f2]} 24. Nxb6 axb6 25. Rce1 {[#]} Rfxf2 $1 {[%mdl 512]} 26. Rxe2 (26. Rxf2 Rxe1+) 26... Rxe2 $15 {[%mdl 4096] Endgame KRB-KRB} 27. Rf4 b5 28. Kf1 (28. h4 $15) 28... Ra2 $17 29. Bxe4 Rxh2 30. Bf5 {White wants to mate with Be6+.} g5 31. Rg4 $2 (31. Rd4 $17) 31... Kg7 $19 32. Be4 (32. Rd4 {was worth a try.}) 32... Kf6 33. Kg1 $2 (33. Bd3) 33... Rd2 {Black is clearly winning.} 34. Bxc6 bxc6 35. Re4 Rd3 36. Kf2 Rxa3 37. Rd4 Rc3 38. Rd6+ Ke5 {Precision: White = 18%, Black = 84%.} 0-1

[Event "XLII San Sebastian Open 2019"]
[Site "San Sebastian"]
[Date "2019.04.14"]
[Round "3.2"]
[White "Pulvett Marin, Daniel Eduardo"]
[Black "Alonso Arburu, Juan Ignacio"]
[Result "1/2-1/2"]
[WhiteElo "2468"]
[BlackElo "2341"]
[Annotator "TA"]
[PlyCount "76"]
[EventDate "2019.04.13"]
[EventType "swiss"]
[EventCountry "ESP"]
[SourceTitle "playchess.com"]
[Source "ChessBase"]
[SourceQuality "1"]

{[%evp 24,76,36,41,35,34,40,23,40,0,0,2,10,2,6,0,1,0,0,0,0,0,0,0,0,0,0,0,0,0,0,0,0,0,0,0,0,0,0,0,0,0,0,0,0,0,0,0,0,0,0,0,0,0,0]} 1. Nf3 Nf6 2. g3 g6 3. Bg2 Bg7 4. d4 d5 5. O-O O-O 6. c4 c6 7. b3 Bf5 8. Nc3 Ne4 9. Bb2 Nxc3 {D78: Fianchetto Grünfeld: 6 0-0 c6} 10. Bxc3 Be4 11. e3 c5 (11... Nd7 12. Qe2 Nf6 13. Rfc1 Qd6 14. Bb2 a5 15. Ne5 Bxg2 16. Kxg2 a4 17. Nd3 {½-½ (102) Carlsen,M (2853)-Nakamura,H (2787) chess.com INT 2016}) 12. Rc1 cxd4 13. Bxd4 {LiveBook: 3 Games} Nc6 14. Bxg7 Kxg7 15. Qe2 Qa5 16. cxd5 $146 ({Predecessor:} 16. Rfd1 Rad8 17. c5 {1-0 (45) Laurusas,T (2484)-Arvola,B (2493) Batumi 2018}) 16... Bxd5 {The position is equal.} 17. Rfd1 Rfd8 18. Qb2+ Kg8 19. a3 Be4 20. h3 Rxd1+ 21. Rxd1 Rd8 22. Rxd8+ Qxd8 23. Qd2 Qxd2 24. Nxd2 Bxg2 25. Kxg2 $11 {[%mdl 4096] Endgame KN-KN} f6 26. f4 Kf7 27. Kf3 Ke6 28. Ke4 Kd6 29. b4 b5 30. Kd3 a5 31. Ne4+ Kc7 32. Kc3 axb4+ 33. axb4 Nd8 34. Kd4 Kc6 35. Nc5 Kd6 36. Ne4+ Kc6 37. Nc5 Kd6 38. Ne4+ Kc6 {Precision: White = 75%, Black = 89%.} 1/2-1/2

[Event "XLII San Sebastian Open 2019"]
[Site "San Sebastian"]
[Date "2019.04.14"]
[Round "3.3"]
[White "Prieto Aranguren, Alain"]
[Black "Del Rio De Angelis, Salvador G."]
[Result "1/2-1/2"]
[WhiteElo "2257"]
[BlackElo "2457"]
[Annotator "TA"]
[PlyCount "41"]
[EventDate "2019.04.13"]
[EventType "swiss"]
[EventCountry "ESP"]
[SourceTitle "playchess.com"]
[Source "ChessBase"]
[SourceQuality "1"]

{[%evp 18,41,25,32,21,31,33,23,30,14,25,14,9,0,8,8,7,-18,-16,-4,0,0,29,18,38,40]} 1. d4 e6 2. e4 d5 3. exd5 exd5 4. Bd3 Nc6 5. c3 Bd6 6. Nf3 Nge7 7. O-O Bg4 8. Re1 Qd7 9. Nbd2 O-O 10. Nf1 {LiveBook: 14 Games} f6 {[%cal Bf7f6,Bf6f5,Bf5f4][%mdl 32] C01: French: Exchange Variation} (10... h6 11. Ng3 Bxg3 12. hxg3 Rfe8 13. Qb3 a6 14. Bf4 f6 15. Nh2 Bf5 16. Bxf5 Nxf5 17. Qxb7 Reb8 18. Qxc7 Qxc7 19. Bxc7 {1-0 (64) Fressinet,L (2662)-Short,N (2678) Riadh 2017}) 11. Ng3 f5 $146 ({Predecessor:} 11... Bxg3 12. hxg3 Rfe8 13. Qb3 Na5 14. Qc2 Bxf3 15. gxf3 Ng6 16. Bd2 Nf8 17. Bf5 Qf7 18. b3 {1-0 (52) Augoustis Funti,A (1994)-Garcia,A (1849) Montevideo 2018}) 12. h3 f4 {White has an edge.} 13. Nf1 {[%cal Bg3f1,Bf1h2,Bh2g4,Bg4e5,Be5d7][%mdl 32]} Bf5 14. N1h2 Rae8 15. Qc2 Bxd3 16. Qxd3 Qf5 17. Qxf5 Nxf5 18. Bd2 Nd8 19. Ng4 h6 20. Nge5 Kh7 21. Nd7 1/2-1/2

[Event "XLII San Sebastian Open 2019"]
[Site "San Sebastian"]
[Date "2019.04.14"]
[Round "3.4"]
[White "Cifuentes Parada, Roberto"]
[Black "Randazzo, Adrian"]
[Result "1-0"]
[WhiteElo "2445"]
[BlackElo "2248"]
[Annotator "RC"]
[PlyCount "139"]
[EventDate "2019.04.13"]
[EventType "swiss"]
[EventCountry "ESP"]
[SourceTitle "playchess.com"]
[Source "ChessBase"]
[SourceQuality "1"]
[TimeControl "5400+30"]

1. d4 {[%emt 0:00:00]} e6 {[%emt 0:02:10]} 2. Nf3 {[%emt 0:00:05]} c5 {[%emt 0:00:11]} 3. c4 {[%emt 0:00:31]} cxd4 {[%emt 0:00:15]} 4. Nxd4 {[%emt 0:00:06]} Nf6 {[%emt 0:00:06]} 5. g3 {[%emt 0:01:26]} d5 {[%emt 0:01:14]} 6. Bg2 {[%emt 0:00:08]} Bb4+ {[%emt 0:01:04]} 7. Bd2 {[%emt 0:00:27]} Bxd2+ {[%emt 0:01:17]} 8. Qxd2 {[%emt 0:00:52]} O-O {[%emt 0:00:55]} 9. cxd5 {[%emt 0:00:45]} Nxd5 {[%emt 0:00:25]} 10. O-O {[%emt 0:00:12]} Nc6 {[%emt 0:02:47]} 11. Nxc6 {[%emt 0:01:00]} bxc6 {[%emt 0:00:06]} 12. Rc1 {[%emt 0:00:57]} Qb6 {[%emt 0:03:01]} 13. Nc3 {[%emt 0:00:54]} Ba6 {[%emt 0:06:08]} 14. Ne4 {[%emt 0:06:13]} Rfd8 {[%emt 0:03:43]} 15. Nc5 {[%emt 0:00:41]} Nb4 {[%emt 0:27:16]} 16. Qe1 Bc8 {[%emt 0:06:30]} 17. a3 {[%emt 0:13:38]} Nd5 {[%emt 0:00:29]} 18. e4 {[%emt 0:01:16]} Ne7 {[%emt 0:08:23]} 19. Qc3 {[%emt 0:00:58]} a5 {[%emt 0:00:23]} 20. Rd1 {[%emt 0:01:22]} Ba6 {[%emt 0:03:00]} 21. Bf3 {[%emt 0:05:07]} Ng6 {[%emt 0:10:18]} 22. h4 {[%emt 0:01:12]} Nf8 {[%emt 0:01:53]} 23. h5 {[%emt 0:00:41]} h6 {[%emt 0:00:06]} 24. e5 {[%emt 0:00:37]} Rab8 {[%emt 0:02:50]} 25. b3 {[%emt 0:01:17]} Bb5 {[%emt 0:10:04]} 26. Kg2 {[%emt 0:03:25]} Ra8 {[%emt 0:02:18]} 27. a4 {[%emt 0:02:22]} Ba6 {[%emt 0:00:03]} 28. Nxa6 {[%emt 0:01:33]} Rxa6 {[%emt 0:00:43]} 29. Rxd8 {[%emt 0:00:52]} Qxd8 {[%emt 0:00:04]} 30. Rd1 {[%emt 0:00:55]} Qc7 {[%emt 0:02:19]} 31. Rd6 {[%emt 0:00:37]} g6 {[%emt 0:03:35]} 32. Qd2 {[%emt 0:04:15]} Kg7 {[%emt 0:00:40]} 33. Qf4 {[%emt 0:01:11]} Qe7 {[%emt 0:00:23]} 34. Bxc6 {[%emt 0:02:13]} gxh5 {[%emt 0:00:35]} 35. Bb5 {[%emt 0:01:15]} Ra7 {[%emt 0:00:20]} 36. Qd4 {[%emt 0:04:36]} h4 {[%emt 0:00:56]} 37. gxh4 {[%emt 0:00:44]} Ng6 {[%emt 0:00:07]} 38. Kg3 {[%emt 0:05:49]} Rc7 {[%emt 0:00:21]} 39. Bc4 {[%emt 0:01:30]} h5 {[%emt 0:01:38]} 40. f3 {[%emt 0:02:18]} Kh6 {[%emt 0:00:28]} 41. Bd3 {[%emt 0:00:39]} Rb7 {[%emt 0:00:45]} 42. Qe3+ {[%emt 0:06:40]} Kg7 {[%emt 0:00:08]} 43. Bxg6 {[%emt 0:00:15]} fxg6 {[%emt 0:00:06]} 44. Ra6 {[%emt 0:01:01]} g5 {[%emt 0:01:16]} 45. hxg5 {[%emt 0:01:32]} Kg6 {[%emt 0:00:17]} 46. Qe4+ {[%emt 0:02:49]} Kxg5 {[%emt 0:00:43]} 47. Qh4+ {[%emt 0:04:27]} Kf5 {[%emt 0:00:13]} 48. Qxe7 {[%emt 0:01:43]} Rxe7 {[%emt 0:00:01]} 49. Rxa5 {[%emt 0:00:06]} Rg7+ {[%emt 0:00:05]} 50. Kh4 {[%emt 0:01:05]} Rg1 {[%emt 0:01:12]} 51. Rb5 {[%emt 0:02:31]} Rh1+ {[%emt 0:00:25]} 52. Kg3 {[%emt 0:00:03]} h4+ {[%emt 0:00:23]} 53. Kg2 {[%emt 0:00:07]} Rb1 {[%emt 0:00:33]} 54. a5 {[%emt 0:02:11]} Ra1 {[%emt 0:00:22]} 55. Rc5 {[%emt 0:01:46]} Kf4 {[%emt 0:00:28]} 56. Rc4+ {[%emt 0:00:34]} Kxe5 {[%emt 0:00:29]} 57. Ra4 {[%emt 0:00:31]} h3+ {[%emt 0:00:44]} 58. Kxh3 {[%emt 0:00:39]} Rh1+ {[%emt 0:00:29]} 59. Kg3 {[%emt 0:00:17]} Rh7 {[%emt 0:00:06]} 60. a6 {[%emt 0:00:48]} Ra7 {[%emt 0:00:01]} 61. Kf2 {[%emt 0:00:25]} Kd5 {[%emt 0:00:09]} 62. Ke3 {[%emt 0:00:07]} Ke5 {[%emt 0:01:40]} 63. Ra5+ {[%emt 0:00:27]} Kd6 {[%emt 0:00:01]} 64. Ke4 {[%emt 0:00:25]} e5 {[%emt 0:00:28]} 65. b4 {[%emt 0:00:35]} Ra8 {[%emt 0:01:09]} 66. a7 {[%emt 0:00:13]} Kc6 {[%emt 0:00:08]} 67. Kxe5 {[%emt 0:00:38]} Kb7 {[%emt 0:00:01]} 68. f4 {[%emt 0:00:20]} Re8+ {[%emt 0:00:11]} 69. Kd6 {[%emt 0:00:20]} Ka8 {[%emt 0:00:06]} 70. f5 {[%emt 0:00:18]} 1-0

[Event "XLII San Sebastian Open 2019"]
[Site "San Sebastian"]
[Date "2019.04.14"]
[Round "3.5"]
[White "Harutjunyan, Gevorg"]
[Black "Alcazar Jimenez, Jesus"]
[Result "1-0"]
[WhiteElo "2440"]
[BlackElo "2189"]
[Annotator "TA"]
[PlyCount "65"]
[EventDate "2019.04.13"]
[EventType "swiss"]
[EventCountry "ESP"]
[SourceTitle "playchess.com"]
[Source "ChessBase"]
[SourceQuality "1"]

{[%evp 16,65,18,16,41,41,64,58,113,58,60,62,125,111,109,121,106,63,48,37,43,31,47,22,91,64,106,104,110,87,172,184,195,200,187,183,183,134,153,117,108,88,154,121,141,145,260,258,262,254,240,174]} 1. Nf3 Nf6 2. g3 g6 3. b3 Bg7 4. Bb2 b6 5. Bg2 Bb7 6. O-O O-O 7. c4 c5 8. d4 cxd4 9. Qxd4 Qc7 {A30: Symmetrical English: Double Fianchetto and Hedgehog} (9... d6 10. Nc3 Ne4 11. Qe3 Nxc3 12. Bxc3 Bxc3 13. Qxc3 Nd7 14. Rad1 Rc8 15. Qd2 Rc5 16. Nd4 Bxg2 17. Kxg2 Qa8+ 18. Kg1 {0-1 (53) Andreikin,D (2719)-Artemiev,V (2709) St Petersburg 2018}) 10. Nc3 Qc5 11. Qd2 $146 ({Predecessor:} 11. Nd5 Bxd5 12. cxd5 Qxd5 13. Qxd5 Nxd5 14. Bxg7 Kxg7 15. Nh4 e6 16. Rfd1 Na6 17. Bxd5 exd5 18. Rxd5 {1-0 (48) Girish,A (2411)-Kurbonboeva,S (2214) Chennai 2019}) 11... Qh5 (11... Re8 $14) 12. Rfd1 (12. Rad1 $16) 12... Na6 $14 13. h3 Qh6 {[#]} (13... Rad8 $14) 14. Qe1 $1 $16 Qh5 15. Nb5 d6 16. b4 {And now g4 would win.} Qf5 17. Nfd4 Qd7 18. e4 Nc7 19. Nc3 a6 (19... Rac8 $11 {remains equal.}) 20. Qe3 e5 21. Nb3 Qc6 22. Rac1 Rac8 (22... Rab8 $16) 23. Bf1 $18 Na8 24. a4 Qc7 25. Ba3 Rfd8 26. Rd2 Bf8 27. Rdc2 Qd7 28. a5 Qc7 (28... b5 $142) 29. Bd3 bxa5 30. Nxa5 Rb8 {[#]} (30... Qb8 $16 {was necessary.} 31. Nd5 Nxd5 32. cxd5 Rxc2 33. Rxc2 Rc8) 31. Nd5 $1 {[%cal Rd5c7]} Nxd5 32. cxd5 Qd7 33. Qa7 {Accuracy: White = 56%, Black = 34%.} 1-0